The formal-substantive controversy : a critical analysis /

Bibliographic Details
Main Author: Lewis, David M.
Format: Thesis Book
Language:English
Published: [Place of publication not identified] : [publisher not identified] ; 1983.
Subjects:

MARC

Tag First Indicator Second Indicator Subfields
LEADER 00000cam a2200000 a 4500
001 in00000028922
005 20151007054738.0
008 870929r19851983miu 00010 eng d
035 |a (OCoLC)16774704 
035 |9 AAB6103AM 
040 |a EWF  |c EWF  |d TXA  |d UtOrBLW 
049 |a TXAM  |c [A10009095] 
050 4 |a GN448  |b .L485 1983a 
100 1 |a Lewis, David M. 
245 1 4 |a The formal-substantive controversy :  |b a critical analysis /  |c by David M. Lewis. 
264 1 |a [Place of publication not identified] :  |b [publisher not identified] ;  |c 1983. 
300 |a 155 leaves. 
336 |a text  |b txt  |2 rdacontent 
337 |a unmediated  |b n  |2 rdamedia 
338 |a volume  |b nc  |2 rdacarrier 
502 |b Ph. D.  |c Indiana University  |d 1983. 
500 |a Vita. 
504 |a Bibliography: leaves 141-154. 
533 |a Photocopy.  |b Ann Arbor, Mich.  |c University Microfilms International,  |d 1985.  |e 22 cm. 
650 0 |a Economic anthropology  |x Philosophy. 
999 |a MARS 
999 f f |s 7963ceeb-bd31-38c8-93e3-ec010864a878  |i 077cde95-f874-34c5-b85d-a21d46e3204a  |t 0 
952 f f |p ric  |a Texas A&M University  |b Rellis Campus  |c Joint Library Facility  |d Remote Storage  |t 0  |e GN448 .L485 1983a  |h Library of Congress classification  |i unmediated -- volume  |m A14810009095 
998 f f |a GN448 .L485 1983a  |t 0  |l Remote Storage